Náhrada za pracovný úraz a chorobu z povolania

Zákonník práce už v rámci Základných zásad článkom 8 ukladá zamestnávateľom povinnosť robiť opatrenia v záujme ochrany života a zdravia zamestnancov pri práci a tiež zamestnávateľom pripisuje zodpovednosť za škody spôsobené zamestnancom pracovným úrazom alebo chorobou z povolania. Aj napriek všetkým...

Ausführliche Beschreibung

Gespeichert in:
Bibliographische Detailangaben
1. Verfasser: Mrukviová Tomiová, Sandra
Format: Buchkapitel
Sprache:Slowakisch
Schlagworte:
Tags: Tag hinzufügen
Keine Tags, Fügen Sie das erste Tag hinzu!

MARC

LEADER 00000naa a2200000 4500
001 0308516
005 20250507132404.2
041 0 |a slo 
044 |a SK 
245 1 0 |a Náhrada za pracovný úraz a chorobu z povolania  |c Sandra Mrukviová Tomiová 
520 |a Zákonník práce už v rámci Základných zásad článkom 8 ukladá zamestnávateľom povinnosť robiť opatrenia v záujme ochrany života a zdravia zamestnancov pri práci a tiež zamestnávateľom pripisuje zodpovednosť za škody spôsobené zamestnancom pracovným úrazom alebo chorobou z povolania. Aj napriek všetkým opatreniam však môže u zamestnanca dôjsť k vzniku choroby z povolania alebo k pracovnému úrazu. 
610 2 0 |a úrazy pracovné 
610 2 0 |a choroby z povolania 
610 2 0 |a zamestnanci 
610 2 0 |a povinnosti zamestnávateľov 
610 2 0 |a ochrana zdravia 
610 2 0 |a zákonník práce 
100 1 |a Mrukviová Tomiová, Sandra